logo

Bir Sreshtho Munshi Abdur Rouf Library
Jhenaidah Cadet College

Economics / (Record no. 8625)

MARC details
000 -LEADER
fixed length control field 00779cam a22002774a 4500
001 - CONTROL NUMBER
JCCL Control Number 8625
003 - CONTROL NUMBER IDENTIFIER
JCCL marc code BD-JhCC
005 - DATE AND TIME OF LATEST TRANSACTION
control field 20230202134025.0
008 - FIXED-LENGTH DATA ELEMENTS--GENERAL INFORMATION
fixed length control field 061003s2006 enka b 001 0 eng
020 ## - INTERNATIONAL STANDARD BOOK NUMBER
International Standard Book Number 9780273705123
020 ## - INTERNATIONAL STANDARD BOOK NUMBER
International Standard Book Number 0273705121
035 ## - SYSTEM CONTROL NUMBER
system control number (BD-JhCC)8625
040 ## - CATALOGING SOURCE
Original cataloging agency DLC
Transcribing agency DLC
Modifying agency BD-JhCC
041 ## - LANGUAGE CODE
Language code of Book eng
050 00 - LIBRARY OF CONGRESS CALL NUMBER
Classification number HB171.5
Item number .S635 2006
082 ## - DEWEY DECIMAL CLASSIFICATION NUMBER
Author mark and Year SLO 2006
Classification number 330
100 1# - MAIN ENTRY--PERSONAL NAME
Personal name Sloman, John,
Dates associated with a name 1947-
245 10 - TITLE STATEMENT
Title Economics /
Statement of responsibility, etc John Sloman.
250 ## - EDITION STATEMENT
Edition statement 6th ed.
260 ## - PUBLICATION, DISTRIBUTION, ETC. (IMPRINT)
Place of publication, distribution, etc Harlow, England ;
-- New York :
Name of publisher, distributor, etc Prentice Hall/Financial Times,
Date of publication, distribution, etc c2006.
300 ## - PHYSICAL DESCRIPTION
Pagination 1 v. (various pagings) :
Other physical details ill. (some col.) ;
Dimensions 27 cm.
504 ## - BIBLIOGRAPHY, ETC. NOTE
Bibliography, etc Includes bibliographical references and index.
650 #0 - SUBJECT ADDED ENTRY--TOPICAL TERM
Topical term or geographic name as entry element Economics.
942 ## - ADDED ENTRY ELEMENTS (KOHA)
Source of classification or shelving scheme Dewey Decimal Classification
Koha item type Books
Koha issues (borrowed), all copies 2
Holdings
Source of classification or shelving scheme Damaged status Not for loan Home library Current library Shelving location Date of accession Total Checkouts Full call number Barcode Date last seen Copy number Koha item type Date checked out
Dewey Decimal Classification     JCC Rouf Library JCC Rouf Library General Stacks 02/28/2018   330 SLO 2006 11400 02/28/2018 C - 1 Books  
Dewey Decimal Classification     JCC Rouf Library JCC Rouf Library General Stacks 02/28/2018 3 330 SLO 2006 11399 11/06/2023 C - 2 Books 10/30/2023

JCC Library | Contacts | JCC Home

Last Update on 23 September 2017
Copyright @ 2017-2020 JCC Rouf Library
Rouf Library, Jhenidah Cadet College (JCC), Bangladesh